书目信息 |
| 题名: |
实用水文统计
|
|
| 作者: | 周建康 主编 ;中国 组织编写 | |
| 分册: | ||
| 出版信息: | 北京 中国水利水电出版社 2017 |
|
| 页数: | 243页 | |
| 开本: | 26cm | |
| 丛书名: | 全国水文勘测技能培训系列教材 | |
| 单 册: | ||
| 中图分类: | P333.6 | |
| 科图分类: | ||
| 主题词: | 水文统计--shui wen tong ji--教材 | |
| 电子资源: | ||
| ISBN: | 978-7-5170-5580-8 | |
| 000 | 00956nam 2200277 450 | |
| 001 | 012001003398 | |
| 005 | 20140130141638.0 | |
| 010 | @a978-7-5170-5580-8@dCNY30.00 | |
| 099 | @aCAL 012018031877 | |
| 100 | @a20180402d2017 em y0chiy50 ea | |
| 101 | 0 | @achi |
| 102 | @aCN@b110000 | |
| 105 | @aak a 000yy | |
| 106 | @ar | |
| 200 | 1 | @a实用水文统计@Ashi yong shui wen tong ji@f周建康主编@g水利部水文局水文局组织编写 |
| 210 | @a北京@c中国水利水电出版社@d2017 | |
| 215 | @a243页@c图@d26cm | |
| 225 | 2 | @a全国水文勘测技能培训系列教材@Aquan guo shui wen kan ce ji neng pei xun xi lie jiao cai |
| 320 | @a有书目 (第242-243页) | |
| 410 | 0 | @12001 @a全国水文勘测技能培训系列教材 |
| 606 | 0 | @a水文统计@Ashui wen tong ji@j教材 |
| 690 | @aP333.6@v5 | |
| 701 | 0 | @a周建康@Azhou jian kang@4主编 |
| 712 | 01 | @a中国@Azhong guo@b水利部@Bshui li bu@b水文局@Bshui wen ju@4组织编写 |
| 801 | 2 | @aCN@b北京卓展@c20191020 |
| 905 | @b1211491-4@dP333.6@e160@f4 | |
| 实用水文统计/周建康主编/水利部水文局水文局组织编写.-北京:中国水利水电出版社,2017 |
| 243页:图;26cm.-(全国水文勘测技能培训系列教材) |
| ISBN 978-7-5170-5580-8:CNY30.00 |
| ● |
| 相关链接 |
|
|
|
|
正题名:实用水文统计
索取号:P333.6/160
 
预约/预借
| 序号 | 登录号 | 条形码 | 馆藏地/架位号 | 状态 | 备注 |
| 1 | 1211491 | 212114914 | 第二样本阅览室/ [索取号:P333.6/160] | 在馆 | |
| 2 | 1211492 | 212114923 | 第三借阅区/ [索取号:P333.6/160] | 在馆 | |
| 3 | 1211493 | 212114932 | 第三借阅区/ [索取号:P333.6/160] | 在馆 | |
| 4 | 1211494 | 212114941 | 第三借阅区/ [索取号:P333.6/160] | 在馆 |